KORKUSUZ KAPTANLAR (Record no. 1300823)

MARC details
000 -LEADER
sabit uzunluktaki kontrol alanı 00253nam a2200097Ia 4500
001 - KONTROL NUMARASI
kontrol alanı 1300823
005 - EN SON İŞLEMİN TARİH VE ZAMANI
kontrol alanı 20260420095911.0
008 - SABİT-UZUNLUKTA VERİ ÖĞELERİ--GENEL BİLGİ
sabit uzunluktaki kontrol alanı 260420s9999 xx 000 0 und d
245 #0 - ESER / YAZAR
ESER ADI KORKUSUZ KAPTANLAR
Yazar Adı RUDYARD KIPLING
260 ## - YAYIN, DAĞITIM, VB.
YAYIN EVİ GENÇ TİMAŞ YAYINLARI
Holdings
Düşüm durumu Kayıp durumu Hasar Durumu Ödünç verilmez Ana kütüphane Geçerli Kütüphane Edinilen tarih Toplam ödünç verme sayısı Barkod Son görüntüleme tarihi Fiyatın geçerli olmaya başladığı tarih Koha materyal türü
        ŞERİFE AKKANAT İLKOKULU ŞERİFE AKKANAT İLKOKULU 20.04.2026   11054673 20.04.2026 20.04.2026 Books